000 00723nam a2200289Ia 4500
005 20260324115601.0
008 008 260324s9999 xx 000 0 eng d
020 _a9781315158327
037 _aEBOOK
040 _aCRL
040 _beng
040 _cCRL
041 _2eng
041 _aeng
084 _qCRL
100 _aPeter Spurgeon; John Clark
_91155223
245 0 _aMedical Leadership
245 4 _bThe key to medical engagement and effective organisations, Second Edition
260 _bTaylor and Francis
260 _c2017
365 _a
365 _b370
856 _uhttp://www.taylorfrancis.com/books/9781315158327
942 _cEBOOK
999 _c1746206
_d1746206